Practical experiences of control and automation in wastewater treatment and water resources management : proceedings of a workshop held in Munich and Rome, 20-26 June 1981

Saved in:
Bibliographic Details
Corporate Author: International Association on Water Pollution Research
Other Authors: Jenkins, S. H. (Samuel Harry), Bischofsberger, W. (Wolfgang) (Editor), Hegemann, Werner (Editor)
Format: Book
Language:English
Published: Oxford : Pergamon Press, 1982
Subjects:
Tags: Add Tag
No Tags, Be the first to tag this record!

MARC

LEADER 00000cam a2200000 i 4500
001 1/90954
008 970128s1982 eng d
020 |a 0-08-029086-8 
035 |l 10007771 
040 |a GR-MY-UA  |b gre  |e aacr 
041 0 |a eng 
082 0 |a 628.3 
245 1 0 |a Practical experiences of control and automation in wastewater treatment and water resources management :  |b proceedings of a workshop held in Munich and Rome, 20-26 June 1981 /  |c Editors S. H. Jenkins; W. Bischofsberger and W. Hegemann 
260 |a Oxford :   |b Pergamon Press,   |c 1982 
300 |a 2 v. (xiv, 845 p.);  |b ill.;  |c 25 cm 
500 |a "International workshop of the IAWPR"--P. 4 of cover 
504 |a Includes bibliographical references and index 
650 0 0 |a Sewage  |x Purification  |x Automation  |x Congresses. 
700 1 |a Jenkins, S. H.  |q (Samuel Harry) 
700 1 |a Bischofsberger, W.  |q (Wolfgang)  |4 edt 
700 1 |a Hegemann, Werner.  |4 edt 
710 2 |a International Association on Water Pollution Research. 
852 |a INST  |b LESVOS  |e 19970128  |h 628.3 PRA  |p 005100006237  |q 005100006237  |t BK  |y 0  |z v.2 
852 |a INST  |b LESVOS  |e 19970128  |h 628.3 PRA  |p 005100006238  |q 005100006238  |t BK  |y 0  |z v.1 
852 |a INST  |b LESVOS  |e 19970128  |h 628.3 PRA  |p 005100012120  |q 005100012120  |t BK  |y 0  |z v.2 
852 |a INST  |b LESVOS  |e 19970128  |h 628.3 PRA  |p 005100006237  |q 005100006237  |t BK  |v v.2:  |y 0  |z v.2 
852 |a INST  |b LESVOS  |e 19970128  |h 628.3 PRA  |p 005100006238  |q 005100006238  |t BK  |v v.1:  |y 0  |z v.1 
852 |a INST  |b LESVOS  |e 19970128  |h 628.3 PRA  |p 005100012120  |q 005100012120  |t BK  |v v.2:  |y 0  |z v.2 
853 |a INST  |b LESVOS  |h 628.3 PRA 
909 |a Λ  |b 017148 
909 |a Λ  |b 017149